000 00486nam a22001817a 4500
003 MPLRDC
005 20220104143955.0
008 210129b ||||| |||| 00| 0 eng d
020 _a957-557-423-0
082 _a179.62 QYBL v.2
100 _a浅野八郎
245 _a性格测验2: 透视人心奥秘
_c李铃秀译
260 _a
_b大展出版社有限公司
_c1993
300 _b
490 _a趣味心理讲座. 2
650 _a人格测验
942 _cBK
_o179.62 QYBL v.2
999 _c45169
_d45159